000 00439nam a2200169Ia 4500
008 230917s9999||||xx |||||||||||||| ||und||
020 _cRS 1000.00
040 _e5013638
_aMAIN
041 _aEnglish
082 _a361.6 G959S
100 _aGupta, Bhuvanesh
245 0 _aSocial administration
260 _aJaipur
_bRBSA Publishers
_c2020
300 _a319 p.
500 _a4520 02/02/2022 IF22/1077 03/02/2022 Main Budget
942 _cBK
999 _c5422
_d5422